15 principaux pays touchés par Covid-19 - 11 juin - Statistiques

Statistiques générales
  • Ce quiz a été pris 44 fois
  • Le résultat moyen est 12 sur 26
Statistiques - réponses
pays % Correct
France
98%
Etats-Unis
95%
Allemagne
88%
Espagne
88%
Russie
86%
Brésil
83%
Italie
83%
Inde
79%
Mexique
74%
Royaume-Uni
71%
Belgique
55%
Turquie
43%
Suède
40%
Irlande
33%
Pakistan
33%
Pérou
33%
Chili
31%
Chili
31%
Iran
29%
Qatar
17%
Koweït
12%
Singapour
12%
Bahreïn
10%
Biélorussie
10%
Panama
5%
Arménie
2%
Aucun quiz correspondant
Distribution des résultats
% des personnes avec chaque résultat
Percentile par nombre de réponses
Votre historique - résultats
Vous n’avez pas pris ce quiz